<?xml version="1.0" encoding="UTF-8"?>
<collection xmlns="http://www.loc.gov/MARC21/slim">
 <record>
  <leader>00734nam a2200169 a 4500</leader>
  <controlfield tag="001">1/54358</controlfield>
  <controlfield tag="008">211104s2011    gr            100 | eng d</controlfield>
  <datafield tag="040" ind1=" " ind2=" ">
   <subfield code="a">GR-PeUP</subfield>
  </datafield>
  <datafield tag="082" ind1="0" ind2="0">
   <subfield code="a">338 INT</subfield>
  </datafield>
  <datafield tag="111" ind1="2" ind2="0">
   <subfield code="a">International conference on applied business &amp; economics</subfield>
   <subfield code="d">(2011 :</subfield>
   <subfield code="c">Piraeus, Greece)</subfield>
  </datafield>
  <datafield tag="245" ind1="1" ind2="0">
   <subfield code="a">International conference on applied business &amp; economics, proceedings, 29th September 2011 - 1st October 2011, University of Piraeus, Piraeus, Greece.</subfield>
  </datafield>
  <datafield tag="260" ind1=" " ind2=" ">
   <subfield code="a">Piraeus :</subfield>
   <subfield code="b">University of Piraeus,</subfield>
   <subfield code="c">2011.</subfield>
  </datafield>
  <datafield tag="300" ind1=" " ind2=" ">
   <subfield code="a">182 σ. ;</subfield>
   <subfield code="c">22 εκ.</subfield>
  </datafield>
  <datafield tag="650" ind1=" " ind2="0">
   <subfield code="a">Business and economics.</subfield>
  </datafield>
  <datafield tag="650" ind1=" " ind2="4">
   <subfield code="a">Επιχειρήσεις</subfield>
   <subfield code="x">Οικονομία.</subfield>
  </datafield>
  <datafield tag="852" ind1=" " ind2=" ">
   <subfield code="a">INST</subfield>
   <subfield code="b">UNIPILB</subfield>
   <subfield code="c">MAIN</subfield>
   <subfield code="e">20211104</subfield>
   <subfield code="h">338 INT</subfield>
   <subfield code="p">00186142</subfield>
   <subfield code="q">00186142</subfield>
   <subfield code="t">LOAN</subfield>
   <subfield code="y">0</subfield>
   <subfield code="4">1</subfield>
  </datafield>
  <datafield tag="960" ind1=" " ind2=" ">
   <subfield code="a">ΜΑΡΙΑ ΒΕΛ</subfield>
  </datafield>
 </record>
</collection>
